| 000 | 00497nam a22001817a 4500 | ||
|---|---|---|---|
| 001 | 10102 | ||
| 003 | FISKH | ||
| 005 | 20260409082449.0 | ||
| 008 | 260408b cb ||||| |||| 00| 0 eng d | ||
| 040 |
_aFISKH _bchi _cFISKH _dFISKH |
||
| 082 | _a817.7 | ||
| 100 | _aみやにし たつや | ||
| 245 |
_aまわる まわる / _cBy みやにし たつや |
||
| 260 | _bDolphin Books , | ||
| 300 |
_a24 unnumbered pages : _bcolor illustrations ; _c22 cm . |
||
| 942 |
_2ddc _cBOOK _n0 |
||
| 999 |
_c10102 _d10102 |
||